000 00596nam a22002057a 4500
003 DO-SdBNP
005 20180222151824.0
008 160718 1998 xxu a spa d
020 _a0590026356
040 _aBPMSU
_bspa
_cBPMSU
082 0 4 _axxxx
_bxxxx
100 1 _aBourgeois, Paulette
245 1 0 _aFranklin and the thunderstorm /
_cPaulette Bourgeois ; ilustraciones Brenda Clark
260 _aNew York :
_bScholastic,
_c1998.
300 _a[30] p. :
_bil. ;
_c23 cm.
700 1 2 _aClark, Brenda
_eil.
942 _2ddc
_cBK
945 _aInventariado, 2018/ YL
956 _aYLOCKWARD
_b10
_cBPMSU
999 _c12529
_d12529